00612nam a22001937a 450000500170000001000150001702000260003203500140005803700130007208200120008510000140009724500650011126000410017627001180021730000300033550000190036570000140038470000200039820191210114740.0 aENG-127045 c599.00a9789353439736 aEN-110577 bDBAD/PUB a621.402 aPal, Amit aHeat and master transfer /cby Amit Pal [and] Shashank Mohan aNoidabPearson India Educationc2020 a15th Floor, Tower-B, World Trade Tower, Plot No.1, Block-C, Sector 16bNoida, Uttar Pradeshe201301k044-66540100 avarious pagingc23cm(pbk) aIncludes index aPal, Amit aMohan, Shashank